| 000 | 00822nam a2200289 i 4500 | ||
|---|---|---|---|
| 001 | 12147 | ||
| 003 | ES-MaACL | ||
| 005 | 20250822062543.0 | ||
| 007 | t| | ||
| 008 | 970418s1996 sp ||||1| spa d | ||
| 020 | _a84-7880-640-7 | ||
| 080 | _a316.752 | ||
| 080 | _a159.9 | ||
| 100 | 1 |
_aRojas, Enrique. _999041 |
|
| 245 | 1 | 3 |
_aEl hombre light _b: una vida sin valores / _cEnrique Rojas. |
| 250 | _a12ª ed. | ||
| 260 |
_aMadrid : _bTemas de Hoy, _c1996. |
||
| 300 |
_a186 p. ; _c20 cm. |
||
| 490 | 1 |
_aColección Fin de siglo ; _v33 |
|
| 500 | _aIndice. | ||
| 504 | _aBibliografía : p. 179-181. | ||
| 650 | 1 | 4 |
_aValores sociales. _917729 |
| 650 | 1 | 7 |
_aPsicología _2embne _916540 |
| 830 | 0 |
_aColección Fin de siglo ; _v33 _9179376 |
|
| 852 |
_aES-MaACL _jL-19497 _bR.125668 |
||
| 999 |
_c12147 _d12147 |
||